00510nam a2200193 a 4500001001300000003000900013005001700022008004100039020001000080082001500090100002400105245002400129260006300153300000900216500003500225505001000260650002200270700002400292nice12345678IN_TiNIC20260116011853.0050524s1965 fora grp 000 0 eng  ac10000a269.2bMOU aMoules, Leonard C J aThis Is No Accident aFort Washington PAbWorldwide Evangelization Crusadec1965 a109p aincludes index and biblioraphy2 aIndex aEvangelistic Work1 aMoules, Leonard C J